1625 1101 1405 1732 1892 1155 1317 1383 1781 1723 1781 1784 1459 1419 1119 1018 1553 1490 1379 1884 1664 1107 1582 1234 1109 1861 1240 1590 1178 1264 1268 1042 1403 1780 1755 1053 1703 1399 1653 1647 1589 1652 1151 1530 1250 1629 1077 1340 1203 1263 1784 1376 1478 1771 1408 1893 1925 1827 1787 1406 1150 1556 1706 1709 1016 1867 1288 1287 1017 1897 1475 1422 1333 1476 1605 1156 1917 1985 1610 1531 1664 1427 1640 1718 1772 1081 1402 1647 1752 1855 1004 1113 1725 1543 1790 1961 1471 1406 1101 BCNSPRNW ULIB Ver.6.0+V

เปลี่ยนเป็นภาษาไทย

Change to English
 แสดงรายละเอียดบรรณานุกรม
  กลับหน้าหลัก

Brief Record : Get Marc (ISO 2709) : E-mail record : QR code < ปิดหน้าต่าง
LEADER : 00000nam 2200000uu 4500
001    13399114705
003     ULIB
008    020711s2553 th a 000 0 tha d
099    ^aวจ.BF538^bอ641ผ
100    ^aอายุพร กัยวิกัยโกศล
245    ผลของกิจกรรมเข้าใจตนเองต่อการพัฒนาความรู้สึกเห็นคุณค่าในตนเองของนักศึกษาพยาบาล วิทยาลัยพยาบาลบรมราชชนี พุทธชินราช/^cอายุพร กัยวิกัยโกศล
260    ^aพิษณุโลก :^bวิทยาลัยพยาบาลบรมราชชนี พุทธชินราช,^c2553
300    ^a34 หน้า
650  7 มีคุณค่าในตนเอง^xวิจัย
710 1  ^aวิทยาลัยพยาบาลบรมราชชนี พุทธชินราช
945    ^p0^l0^i031720
995    ทศพร
999 ^a ทศพร
รายการนี้ยังไม่มีแท็ก
คุณยังไม่ได้ล็อกอิน คุณสามารถมีกิจกรรมร่วมกับเว็บไซต์ได้ แต่ต้องล็อกอินก่อน ::
  ล็อกอิน

รายการสื่อสารสนเทศ

ลำดับที่ ประเภท เลขเรียก/บาร์โค้ด สถานที่ สถานะ
1. งานวิจัย
งานวิจัย
วจ.BF538 อ641ผ ฉ.1 
  Barcode: 031720
ห้องสมุดวิทยาเขตสวรรค์ประชารักษ์
►วิจัย
บนชั้น

BibComment


ยังไม่เคยถูกคอมเมนท์

คอมเมนท์ทรัพยากรรายการนี้
  คอมเมนท์: ผลของกิจกรรมเข้าใ..


 Copyright 2026. Bcnsprnw @Library